000 00703nam a22002297a 4500
003 OSt
005 20251024020424.0
008 251014b |||||||| |||| 00| 0 eng d
020 _a13: 978-0-07-148120-5.
040 _aDWCL-Main lib
_cOC
082 _aCirc. 624.15 H236g 2007
100 _aHandy, R. L.
245 _aGeotechnical engineering soil and foundation principles and practices
260 _aN. Y. :
_bMcGraw-Hill,
_cc2007.
300 _axxviii, 904 pages :
_billustration ;
_c24 cm.
504 _aIncludes index.
650 _21. Engineering geology.
650 _22. Foundations
650 _23. Soil mechanics.
700 _aSpangler, M. G.
942 _2ddc
_cBK-CIRC
_e5th ed.
_kCirc.
_n0
999 _c4890
_d4890